[Event "Toronto NAYCC U08"]
[Site "Toronto"]
[Date "2013.08.15"]
[Round "2"]
[White "Liu, Owen"]
[Black "Kulic, Mateo"]
[Result "0-1"]
[WhiteElo "571"]
[BlackElo "769"]
[PlyCount "56"]
[EventDate "2013.08.14"]
[EventType "swiss"]
[EventRounds "9"]
[EventCountry "CAN"]
[SourceTitle "EXT 2022"]
[Source "ChessBase"]
[SourceDate "2021.10.06"]
[SourceVersion "1"]
[SourceVersionDate "2021.10.06"]
[SourceQuality "1"]

1. e4 c5 2. Nf3 Nc6 3. d4 cxd4 4. Nxd4 Nf6 5. Nc3 e5 6. Ndb5 d6 7. Bg5 a6 8. Na3 b5 9. Nd5 Be7 10. c4 b4 11. Nc2 a5 12. Bxf6 Bxf6 13. g3 0-0 14. Bg2 Ba6 15. Nce3 Bg5 16. 0-0 Bxe3 17. b3 Bd4 18. Rb1 Ne7 19. Nxe7+ Qxe7 20. Qh5 h6 21. a4 bxa3 22. Ra1 Bxa1 23. Rxa1 Qg5 24. Qxg5 hxg5 25. Rxa3 Rab8 26. Rxa5 Bc8 27. Ra3 Bd7 28. Bf1 Ra8 0-1

[Event "CAN-ch U08"]
[Site "Ottawa"]
[Date "2013.07.10"]
[Round "1"]
[White "Noorali, Aahil"]
[Black "Liu, Owen"]
[Result "1-0"]
[WhiteElo "1086"]
[BlackElo "569"]
[PlyCount "51"]
[EventDate "2013.07.10"]
[EventType "swiss"]
[EventRounds "6"]
[EventCountry "CAN"]
[SourceTitle "EXT 2022"]
[Source "ChessBase"]
[SourceDate "2021.10.06"]
[SourceVersion "1"]
[SourceVersionDate "2021.10.06"]
[SourceQuality "1"]

1. e4 e5 2. Nf3 Nc6 3. Bc4 Nf6 4. d3 Bb4+ 5. c3 Bc5 6. Bg5 0-0 7. b4 Be7 8. 0-0 d6 9. Nbd2 Bg4 10. Nb3 h6 11. Be3 a6 12. Nbd2 b5 13. Bb3 a5 14. bxa5 Rxa5 15. a4 bxa4 16. Bxa4 Qa8 17. Bxc6 Rxa1 18. Qxa1 Qxa1 19. Rxa1 Rb8 20. h3 Be6 21. d4 exd4 22. cxd4 Rb6 23. d5 Bc8 24. Bxb6 cxb6 25. Ra8 Kh7 26. Rxc8 1-0